|
|
|
|
| LEADER |
00794cam a2200241 7i4500 |
| 001 |
0000029412 |
| 005 |
20170822090000.0 |
| 008 |
100401 eng |
| 020 |
|
|
|a 0335221149 (hbk.)
|
| 020 |
|
|
|a 9780335221141 (hbk.)
|
| 040 |
|
|
|a DLC
|
| 090 |
0 |
0 |
|a LB2322.2
|b .M73 2008
|
| 100 |
1 |
|
|a Mann, Sarah J
|
| 245 |
1 |
0 |
|a Study, power and the university
|c Sarah J. Mann.
|
| 260 |
|
|
|a England:
|b Open University Press,
|c 2008.
|
| 300 |
|
|
|a x,178 p.;
|c 24 cm.
|
| 504 |
|
|
|a Includes bibliographical references and index
|
| 650 |
0 |
0 |
|a College students
|
| 650 |
0 |
0 |
|a Education, Higher
|
| 650 |
0 |
0 |
|a Learning
|
| 997 |
|
|
|a Centre for Graduate Studies
|
| 997 |
|
|
|a Education & Social Sciences, Faculty
|b Education, Department
|
| 999 |
|
|
|a 0000042281
|b BOK
|c OPEN SHELF
|e 1st Floor, Shah Alam
|